| 000 | 01432nab a22002777a 4500 | ||
|---|---|---|---|
| 999 |
_c5935 _d5935 |
||
| 003 | OSt | ||
| 005 | 20260114011041.0 | ||
| 008 | 190605e xxu||||| |||| 00| 0 spa d | ||
| 040 | _cPJ | ||
| 100 |
_96169 _aMosquera, Gerardo Raúl |
||
| 245 | 1 | 0 |
_aResponsabilidad penal por lesiones derivadas de factores y riesgos psicosociales del trabajo / _cGerardo Raúl Mosquera. |
| 260 |
_aCiudad Autónoma de Buenos Aires : _bThomson Reuters La Ley, _c2024. |
||
| 300 | _ap. 53-72 | ||
| 500 | _aCita: TR LALEY AR/DOC/263/2024. | ||
| 505 | _aSumario: I. Introducción.— II. Responsabilidad penal por lesiones derivadas de riesgos psicosociales.— III. El dolo y la culpa penal.— IV. Los deberes y obligaciones de seguridad del empleador.— V. La situación en el derecho comparado.— VI. Algunos antecedentes en el derecho local.— VII. Conclusiones. | ||
| 505 | _t¿Te interesa el texto completo? Solicitalo al correo: koha@justierradelfuego.gov.ar | ||
| 650 | 0 |
_91316 _aDERECHO LABORAL |
|
| 650 | 0 |
_91430 _aRIESGOS DEL TRABAJO |
|
| 650 | 0 |
_94942 _aCOMISIONES MÉDICAS |
|
| 650 | 0 |
_91417 _aACCIDENTES DE TRABAJO |
|
| 650 | 0 |
_95144 _aASEGURADOR POR RIESGOS DEL TRABAJO |
|
| 650 | 0 |
_91405 _aENFERMEDAD PROFESIONAL |
|
| 650 | 0 |
_91406 _aINCAPACIDAD LABORAL |
|
| 773 | 0 |
_02711 _93168 _dCiudad Autónoma de Buenos Aires : Thomson Reuters La Ley, 1999-2002. _tRevista de derecho del trabajo. Nº 2 - Marzo 2024 |
|
| 942 |
_2udc _cANA |
||